New Testament commentary: (Record no. 20963)

MARC details
000 -LEADER
fixed length control field 01836cam a2200385 a 4500
001 - CONTROL NUMBER
control field 1220650
003 - CONTROL NUMBER IDENTIFIER
control field OSt
005 - DATE AND TIME OF LATEST TRANSACTION
control field 20251208121914.0
008 - FIXED-LENGTH DATA ELEMENTS--GENERAL INFORMATION
fixed length control field 810923m19539999miuab b 001 0 eng
010 ## - LIBRARY OF CONGRESS CONTROL NUMBER
LC control number 54000924
020 ## - INTERNATIONAL STANDARD BOOK NUMBER
International Standard Book Number 0801041147
Qualifying information v. 10
020 ## - INTERNATIONAL STANDARD BOOK NUMBER
International Standard Book Number 9780801041143
Qualifying information (v. 10)
035 ## - SYSTEM CONTROL NUMBER
System control number 1220650
040 ## - CATALOGING SOURCE
Original cataloging agency DLC
Transcribing agency DLC
Modifying agency DLC
050 00 - LIBRARY OF CONGRESS CALL NUMBER
Classification number BS2341
Item number .H4 1955
082 00 - DEWEY DECIMAL CLASSIFICATION NUMBER
Classification number 225.7/7
Edition number 19
100 1# - MAIN ENTRY--PERSONAL NAME
Personal name Hendriksen, William,
Dates associated with a name 1900-1982.
245 10 - TITLE STATEMENT
Title New Testament commentary:
Remainder of title exposition of I and II Thessalonians /
Statement of responsibility, etc. William Hendriksen
260 ## - PUBLICATION, DISTRIBUTION, ETC. (IMPRINT)
Place of publication, distribution, etc. Grand Rapids :
Name of publisher, distributor, etc. Baker Book House,
Date of publication, distribution, etc. 1953-<c2001 >
300 ## - PHYSICAL DESCRIPTION
Extent v. <1-20 > :
Other physical details ill., maps ;
Dimensions 24 cm.
336 ## - CONTENT TYPE
Content type term text
Content type code txt
Source rdacontent
337 ## - MEDIA TYPE
Media type term unmediated
Media type code n
Source rdamedia
338 ## - CARRIER TYPE
Carrier type term volume
Carrier type code nc
Source rdacarrier
500 ## - GENERAL NOTE
General note Accompanying biblical text is author's translation.
500 ## - GENERAL NOTE
General note Vols. 14-<20 > by Simon J. Kistemaker.
504 ## - BIBLIOGRAPHY, ETC. NOTE
Bibliography, etc Includes bibliographical references and indexes.
505 1# - FORMATTED CONTENTS NOTE
Formatted contents note [1] John I-VI -- [2] John VII-XXI -- [3] 1-2 Thessalonians -- [4] 1-2 Timothy. Titus -- [5] Philippians -- [6] Colossians. Philemon -- [7] Ephesians -- [8] Galatians -- [9] Matthew --[10] Mark -- [11] Luke -- [12] Romans 1-8 -- [13] Romans 9-16 -- [14] James and I-III John -- [15] Hebrews -- [16] Peter and Jude -- [17] Acts -- [18] I Corinthians -- [19] Exposition of the Second Epistle to the Corinthians -- [20] Exposition of the book of Revelation.
630 00 - SUBJECT ADDED ENTRY--UNIFORM TITLE
Uniform title Bible.
Name of part/section of a work New Testament
General subdivision Commentaries.
700 1# - ADDED ENTRY--PERSONAL NAME
Personal name Kistemaker, Simon.
730 02 - ADDED ENTRY--UNIFORM TITLE
Uniform title Bible.
Name of part/section of a work New Testament.
Language of a work English.
Version Hendriksen.
Date of a work 1953.
906 ## - LOCAL DATA ELEMENT F, LDF (RLIN)
a 7
b cbc
c orignew
d 2
e ocip
f 19
g y-gencatlg
942 ## - ADDED ENTRY ELEMENTS (KOHA)
Source of classification or shelving scheme Library of Congress Classification
Koha item type General Collection
Holdings
Withdrawn status Lost status Source of classification or shelving scheme Not for loan Home library Current library Shelving location Date acquired Source of acquisition Inventory number Total Checkouts Full call number Barcode Date last seen Copy number Price effective from Koha item type
    Library of Congress Classification   Kabarak, Main Campus Kabarak, Main Campus General Stacks 08/12/2025 Donation 2025/2702   BS2341 .H4 1955 C.1 39481 08/12/2025 C.1 08/12/2025 General Collection
Designed with assistance from East African Informatics Ltd